000 00339nam a2200133Ia 4500
008 240624s9999 xx 000 0 und d
041 _aeng
082 _a004.6 COL
100 _aCOLEMAN DAVID D
245 _aCWNA CERTIFIED WIRELESS NETWORK ADMINIST
260 _c2006
_aNew Delhi
_bSybex
300 _a576 : p. : 26 : cm.
365 _cRS
_b30
999 _c9460
_d9460